000 00350nam a2200157Ia 4500
005 20250522003533.0
008 240331s9999 xx 000 0 und d
082 _a301
_bVAR
100 _aWEC
245 0 _aVaarpugal
260 _aColombo
_bWomen's Education Centre
_c1990
300 _a32 p .,
650 _aWomen
650 _aGender
942 _cL
999 _c1049
_d1049